| 000 | 00364 a2200145 4500 | ||
|---|---|---|---|
| 003 | Nust | ||
| 005 | 20170207154218.0 | ||
| 040 | _cNust | ||
| 082 | _a050 | ||
| 100 | _aPatron,Major General Zahid Hussain Khan | ||
| 245 |
_aQasid-2007 _cPatron,Major General Zahid Hussain Khan |
||
| 260 |
_aRawalpindi _bMCS _c2007 |
||
| 300 | _a108p; | ||
| 538 | _aAlmirah No.137 Shelf No.1,2 | ||
| 942 | _cMAGS | ||
| 999 |
_c195151 _d195151 |
||